La situación de salud ocupacional de los trabajadores de la Cooperativa Victoria, 1982-1986 /

En esta tesis se estudia el carácter igualitario de los hombres en una sociedad donde prevalece un régimen de explotación, donde se enfrentan el capital y el trabajo, y derivándose de ello la relación dialéctica entre salud y trabajo. Esta temática se desarrolla, primeramente, explicando los princip...

全面介紹

Guardado en:
書目詳細資料
主要作者: González Alvarez, Laura
其他作者: Umaña Madrigal, Maribel
格式: Tesis
出版: Heredia :
主題:
標簽: 添加標簽
沒有標簽, 成為第一個標記此記錄!

MARC

LEADER 00000 a a2200000 04500
001 12994
003
040 |a CRAI/IIS  |c CRAI/IIS 
090 |a 02764.00  
100 |a González Alvarez, Laura  
245 |a La situación de salud ocupacional de los trabajadores de la Cooperativa Victoria, 1982-1986 /  |c Laura González Alvarez  
260 |a Heredia :  
300 |a 250 p  
300 |b **no definido**  
502 |a Tesis (Licenciadas en Sociología) -- Universidad Nacional, 1987  
520 |a En esta tesis se estudia el carácter igualitario de los hombres en una sociedad donde prevalece un régimen de explotación, donde se enfrentan el capital y el trabajo, y derivándose de ello la relación dialéctica entre salud y trabajo. Esta temática se desarrolla, primeramente, explicando los principales aspectos teórico-metodológicos, y seguidamente mostrando la relación del trabajo con el fenómeno de los accidentes y enfermedades en la actividad azucarera. En la investigación también se abordan las siguientes cuestiones: las condiciones socio-económicas y políticas, los principales referentes históricos y económicos de la actividad azucarera y describen la acción epidemiológica de los accidentes y enfermedades. HMB/mb  
650 |a COOPERATIVAS DE PRODUCCION  
650 |a TRABAJADORES  
650 |a ACCIDENTES  
650 |a AZUCAR  
650 |a METODOLOGIA  
650 |a HISTORIA ECONOMICA  
650 |a HISTORIA SOCIAL  
650 |a CAPITAL  
650 |a ENFERMEDADES  
650 |a SALUD  
650 |a PRODUCCION  
650 |a TRABAJADORES  
650 |a ACCIDENTES  
650 |a SALARIOS  
650 |a AZUCAR  
700 |a Umaña Madrigal, Maribel  
999 |c 17988  |d 17988